Human relationship skills : traming and self-help

Bibliographic Details
Main Author: Nelson-Jones, Richard
Format: Book
Published: London : Cassell Educational , 1986
Subjects:

MARC

LEADER 00000cam a2200000 7i4500
001 0000005764
002 000006231
005 20000330.0
020 |a T000000484 
090 0 0 |a 158.2   |b NEL 
100 1 |a Nelson-Jones, Richard 
245 0 0 |a Human relationship skills :   |b traming and self-help   |c Richard Nelson-Jones 
260 |a London :   |b Cassell Educational ,   |c 1986 
300 |a 274p. ;   |c 22cm. 
650 0 0 |a Interpersonal relations 
999 |a 032955   |b BUKU   |c PINJAMAN   |e PERPUSTAKAAN KOMUNITI PETALING JAYA